[Event "AUT-ch U18 Girls"]
[Site "Sankt Veit an der Glan"]
[Date "2019.04.18"]
[Round "7"]
[White "Katter, Marlene"]
[Black "Felleitner, Christina"]
[Result "1/2-1/2"]
[WhiteElo "1386"]
[BlackElo "1464"]
[PlyCount "60"]
[EventDate "2019.04.14"]
[EventType "swiss"]
[EventRounds "7"]
[EventCountry "AUT"]
[SourceTitle "CBM 190 Extra"]
[Source "ChessBase"]
[SourceDate "2019.07.15"]
[SourceVersion "1"]
[SourceVersionDate "2019.07.15"]
[SourceQuality "1"]

1. d4 d5 2. Bf4 Nf6 3. e3 c5 4. c3 e6 5. Nd2 Bd6 6. Bg3 0-0 7. Ngf3 Nc6 8. Bd3 b6 9. 0-0 Bb7 10. Qe2 Ne7 11. Ne5 Ng6 12. f4 Ne4 13. Rac1 f6 14. Nxg6 hxg6 15. Nxe4 dxe4 16. Bc4 Bd5 17. Rcd1 cxd4 18. Bxd5 exd5 19. Rxd4 Bc5 20. Rd2 f5 21. Rfd1 Qc7 22. Rxd5 Rad8 23. Bf2 Rxd5 24. Rxd5 Rd8 25. Qd2 Rxd5 26. Qxd5+ Qf7 27. Qxf7+ Kxf7 28. Kf1 Ke6 29. Ke2 b5 30. Be1 a6 1/2-1/2

[Event "AUT-ch U16 Girls"]
[Site "St Veit"]
[Date "2018.03.25"]
[Round "2"]
[White "Hanzlikova, Simona"]
[Black "Felleitner, Christina"]
[Result "0-1"]
[WhiteElo "1145"]
[BlackElo "1472"]
[PlyCount "110"]
[EventDate "2018.03.25"]
[EventType "swiss"]
[EventRounds "7"]
[EventCountry "AUT"]
[SourceTitle "EXT 2019"]
[Source "ChessBase"]
[SourceDate "2018.10.10"]
[SourceVersion "1"]
[SourceVersionDate "2018.10.10"]
[SourceQuality "1"]

1. c4 c5 2. Nc3 Nc6 3. Nf3 d6 4. e3 Bf5 5. d4 cxd4 6. Nxd4 Nxd4 7. Qxd4 e5 8. Qd1 Nf6 9. Bd3 e4 10. Bc2 Qe7 11. Nd5 Nxd5 12. Qxd5 g6 13. Bd2 Bg7 14. Rb1 0-0 15. Bb4 Rfd8 16. 0-0 Rab8 17. Rfe1 Qe5 18. Red1 Qxd5 19. Rxd5 Be6 20. Rxd6 Rxd6 21. Bxd6 Rd8 22. Bf4 Bxc4 23. b3 Bd3 24. Rd1 Kf8 25. Bxd3 exd3 26. e4 Bc3 27. Bd2 Bd4 28. Be3 Bxe3 29. fxe3 Ke7 30. Kf2 Ke6 31. Kf3 Ke5 32. a4 a5 33. h4 h5 34. Rd2 f6 35. g3 g5 36. hxg5 fxg5 37. Rd1 g4+ 38. Kf2 Kxe4 39. Rd2 Rf8+ 40. Ke1 Kxe3 41. Rh2 Rc8 42. Kd1 Rc5 43. Rb2 Rc2 44. Rxc2 dxc2+ 45. Kxc2 Kf2 46. Kc3 Kxg3 47. Kc4 h4 48. Kb5 h3 49. Kxa5 h2 50. b4 h1Q 51. b5 Qe1+ 52. Kb6 Qb4 53. a5 Qe4 54. a6 bxa6 55. Kxa6 Qb1 0-1

[Event "AUT-ch U16/U18 Girls"]
[Site "St Veit"]
[Date "2017.04.09"]
[Round "1"]
[White "Moerwald, Miriam"]
[Black "Felleitner, Christina"]
[Result "1-0"]
[WhiteElo "1505"]
[BlackElo "1157"]
[PlyCount "105"]
[EventDate "2017.04.09"]
[EventType "swiss"]
[EventRounds "7"]
[EventCountry "AUT"]
[SourceTitle "CBM 178 Extra"]
[Source "ChessBase"]
[SourceDate "2017.06.22"]
[SourceVersion "1"]
[SourceVersionDate "2017.06.22"]
[SourceQuality "1"]

1. e4 e5 2. Nf3 Nc6 3. Bb5 a6 4. Ba4 Nf6 5. 0-0 Bc5 6. c3 Qe7 7. Bc2 d5 8. exd5 Nxd5 9. d4 Bb6 10. dxe5 Be6 11. Bb3 0-0-0 12. Qe2 Bg4 13. Re1 Bxf3 14. Qxf3 Nxe5 15. Qf5+ Kb8 16. Qxe5 Qxe5 17. Rxe5 Rhe8 18. Rxe8 Rxe8 19. Kf1 c6 20. Bxd5 cxd5 21. Bf4+ Ka8 22. Na3 f6 23. Rd1 Rd8 24. Nc2 g5 25. Be3 Bc7 26. Nb4 a5 27. Nxd5 Rxd5 28. Rxd5 b6 29. Rd7 Be5 30. Rxh7 b5 31. Bd4 Bxd4 32. cxd4 a4 33. Rf7 g4 34. Rxf6 Kb7 35. Rg6 b4 36. Rxg4 Kc6 37. d5+ Kxd5 38. Rxb4 Kc5 39. Rxa4 Kb5 40. Rh4 Ka5 41. g4 Kb5 42. g5 Kc5 43. g6 Kd5 44. g7 Ke5 45. g8Q Kf5 46. Qg4+ Kf6 47. Rh6+ Ke5 48. Qa4 Kf5 49. Rb6 Ke5 50. Rb5+ Kd6 51. Qa6+ Kc7 52. Rb7+ Kc8 53. Qa8# 1-0

[Event "AUT-ch U14 Girls"]
[Site "Woerth"]
[Date "2015.05.24"]
[Round "3.4"]
[White "Hadler, Hannah"]
[Black "Felleitner, Christina"]
[Result "1-0"]
[WhiteElo "1123"]
[BlackElo "897"]
[PlyCount "171"]
[EventDate "2015.05.23"]
[EventType "swiss"]
[EventRounds "7"]
[EventCountry "AUT"]
[SourceTitle "EXT 2024"]
[Source "ChessBase"]
[SourceDate "2023.10.10"]
[SourceVersion "1"]
[SourceVersionDate "2023.10.10"]
[SourceQuality "1"]

1. e4 e5 2. Nf3 Nc6 3. Bc4 Nf6 4. Ng5 d5 5. exd5 Nxd5 6. d3 Be7 7. Nf3 Nf6 8. Qe2 Bg4 9. h3 Bb4+ 10. c3 Bxf3 11. Qxf3 Bc5 12. 0-0 Qd7 13. Bb5 0-0 14. Qg3 Nh5 15. Qg5 g6 16. Bxc6 Qxc6 17. Qxe5 Bd6 18. Qd4 Bc5 19. Qg4 Qf6 20. b4 Bd6 21. Bg5 Qe5 22. f4 Qe3+ 23. Kh1 f5 24. Qf3 Qe6 25. Bh4 Rfe8 26. d4 Bxf4 27. g3 Qd6 28. gxf4 Re6 29. Nd2 Rae8 30. Bg5 Re3 31. Qg2 Rxc3 32. Rf3 Qxd4 33. Rxc3 Qxc3 34. Qd5+ Kf8 35. Bh6+ Ng7 36. Rb1 Qxh3+ 37. Kg1 Qxh6 38. Qc5+ Kg8 39. Qd5+ Kh8 40. Rf1 Ne6 41. Re1 c6 42. Qd7 Ng7 43. Rxe8+ Nxe8 44. Qxe8+ Kg7 45. Qe7+ Kg8 46. Qe5 Qh3 47. Nc4 Qg3+ 48. Kf1 Qd3+ 49. Qe2 Qd4 50. Qe6+ Kg7 51. Qe5+ Qxe5 52. Nxe5 Kf6 53. Kf2 h6 54. Kg3 g5 55. Nd3 b6 56. a4 h5 57. fxg5+ Kxg5 58. Ne5 f4+ 59. Kh3 Kf5 60. Nxc6 Ke4 61. Kg2 Ke3 62. Kf1 Kf3 63. Nxa7 h4 64. Nc6 h3 65. Nd4+ Kg3 66. Ne2+ Kf3 67. Ng1+ Kg3 68. Ne2+ Kg4 69. Kf2 f3 70. Ng3 h2 71. a5 bxa5 72. bxa5 Kh3 73. a6 Kg4 74. a7 Kf4 75. a8Q h1Q 76. Nxh1 Kg4 77. Qxf3+ Kg5 78. Qe4 Kf6 79. Qd5 Ke7 80. Qc6 Kf7 81. Kf3 Ke7 82. Ke4 Kf7 83. Ke5 Ke7 84. Qc7+ Kf8 85. Kf6 Kg8 86. Qg7# 1-0

[Event "AUT-ch U14 Girls"]
[Site "Woerth"]
[Date "2015.05.23"]
[Round "2.3"]
[White "Felleitner, Christina"]
[Black "Moerwald, Miriam"]
[Result "0-1"]
[WhiteElo "897"]
[BlackElo "1381"]
[PlyCount "90"]
[EventDate "2015.05.23"]
[EventType "swiss"]
[EventRounds "7"]
[EventCountry "AUT"]
[SourceTitle "EXT 2024"]
[Source "ChessBase"]
[SourceDate "2023.10.10"]
[SourceVersion "1"]
[SourceVersionDate "2023.10.10"]
[SourceQuality "1"]

1. e4 c5 2. c3 Nc6 3. Nf3 g6 4. Be2 Bg7 5. d4 cxd4 6. cxd4 d6 7. d5 Ne5 8. Nxe5 Bxe5 9. Bg5 Bxb2 10. Nd2 Bxa1 11. Qxa1 f6 12. 0-0 Bd7 13. Nf3 Rc8 14. Rc1 Rxc1+ 15. Bxc1 e6 16. dxe6 Bxe6 17. e5 fxe5 18. Nxe5 Qa5 19. Bb2 Ne7 20. h3 Rf8 21. Bf3 dxe5 22. Bxe5 Qxa2 23. Qd4 Nd5 24. Bg7 Rf7 25. Bh6 Nf6 26. Bxb7 Qb1+ 27. Kh2 Qxb7 28. Bg5 Qb8+ 29. g3 Qd8 30. Qa1 Ng4+ 31. hxg4 Qxg5 32. Qa4+ Kf8 33. Qc6 Qxg4 34. Qd6+ Re7 35. Qd8+ Kf7 36. f3 Qh3+ 37. Kg1 Qxg3+ 38. Kf1 Qxf3+ 39. Ke1 Bg4+ 40. Kd2 Qd1+ 41. Kc3 Qxd8 42. Kb4 Rb7+ 43. Kc5 Rc7+ 44. Kb5 Qb8+ 45. Ka6 Qb6# 0-1

[Event "AUT-ch U14 Girls"]
[Site "Woerth"]
[Date "2015.05.23"]
[Round "1.5"]
[White "Wurzer, Miriam"]
[Black "Felleitner, Christina"]
[Result "0-1"]
[WhiteElo "1136"]
[BlackElo "897"]
[PlyCount "40"]
[EventDate "2015.05.23"]
[EventType "swiss"]
[EventRounds "7"]
[EventCountry "AUT"]
[SourceTitle "EXT 2024"]
[Source "ChessBase"]
[SourceDate "2023.10.10"]
[SourceVersion "1"]
[SourceVersionDate "2023.10.10"]
[SourceQuality "1"]

1. c4 e5 2. Nc3 Nc6 3. g3 g6 4. Bg2 d6 5. Nf3 Be6 6. d3 Qd7 7. 0-0 Bh3 8. Rb1 Bg7 9. Bd2 h5 10. b4 h4 11. Nxh4 Bf6 12. Nf3 Nd4 13. Re1 Nxf3+ 14. Bxf3 e4 15. Bxe4 Bg4 16. Bxb7 Rb8 17. Bg2 Qf5 18. b5 Qh5 19. h4 Bxh4 20. gxh4 Qxh4 0-1